[Event "EU-chT Seniors 11th"]
[Site "Velden"]
[Date "2009.04.12"]
[Round "8"]
[White "Vink, Wim"]
[Black "Hentzschel, Erhard"]
[Result "1/2-1/2"]
[WhiteElo "2014"]
[BlackElo "1937"]
[PlyCount "39"]
[EventDate "2009.04.05"]
[EventType "team-swiss"]
[EventRounds "9"]
[EventCountry "AUT"]
[SourceTitle "CBM 129 Extra"]
[Source "ChessBase"]
[SourceDate "2009.05.05"]
[SourceVersion "2"]
[SourceVersionDate "2009.05.20"]
[SourceQuality "1"]

1. c4 e5 2. Nc3 f5 3. g3 Nf6 4. Bg2 c6 5. e4 d6 6. d3 Be7 7. Nge2 0-0 8. 0-0 Na6 9. h3 Nc7 10. Be3 Qe8 11. b4 Qh5 12. Nc1 f4 13. gxf4 Bg4 14. f3 Bxh3 15. N1e2 Ne6 16. Qe1 exf4 17. Nxf4 Nxf4 18. Bxf4 Bxg2 19. Kxg2 Nd7 20. Bg3 1/2-1/2